<?xml version="1.0" encoding="UTF-8"?>
<record
    xmlns:xsi="http://www.w3.org/2001/XMLSchema-instance"
    xsi:schemaLocation="http://www.loc.gov/MARC21/slim http://www.loc.gov/standards/marcxml/schema/MARC21slim.xsd"
    xmlns="http://www.loc.gov/MARC21/slim">

  <leader>00773nam a22001937a 4500</leader>
  <controlfield tag="003">OSt</controlfield>
  <controlfield tag="005">20170502132141.0</controlfield>
  <controlfield tag="008">170502t        xxu||||| |||| 00| 0 eng d</controlfield>
  <datafield tag="040" ind1=" " ind2=" ">
    <subfield code="a">BSHUA</subfield>
    <subfield code="b">Shqip</subfield>
    <subfield code="c">BSHUA</subfield>
  </datafield>
  <datafield tag="082" ind1=" " ind2=" ">
    <subfield code="b">787.3/Bok.</subfield>
  </datafield>
  <datafield tag="100" ind1=" " ind2=" ">
    <subfield code="a">Boccherini, Luigi ;</subfield>
  </datafield>
  <datafield tag="245" ind1=" " ind2=" ">
    <subfield code="a">Sonate in A dur :</subfield>
    <subfield code="b">Klassische Violoncell-Musik /</subfield>
    <subfield code="c">G. Schroeder .</subfield>
  </datafield>
  <datafield tag="260" ind1=" " ind2=" ">
    <subfield code="a">Mainz :</subfield>
    <subfield code="b">B.Schott's Sohne ,</subfield>
    <subfield code="c">1911 .</subfield>
  </datafield>
  <datafield tag="300" ind1=" " ind2=" ">
    <subfield code="c">31 cm. .</subfield>
    <subfield code="g">13 f. : me nota ;</subfield>
  </datafield>
  <datafield tag="653" ind1=" " ind2=" ">
    <subfield code="a">Partitura - Piano - Klavir - Violoncel.</subfield>
    <subfield code="a">Muzika boterore - Muzika italiane.</subfield>
    <subfield code="a">Muzike per violoncel dhe piano - Sonata.</subfield>
    <subfield code="a">Sonata ne A dur per violoncel dhe piano, orkestruar nga Karl Shreder - Parti pianos + parti solo.</subfield>
    <subfield code="a">Kompozitoret italiane - Luixhi Bokerini</subfield>
  </datafield>
  <datafield tag="856" ind1=" " ind2=" ">
    <subfield code="y">Fulltext</subfield>
  </datafield>
  <datafield tag="942" ind1=" " ind2=" ">
    <subfield code="2">udc</subfield>
    <subfield code="c">SCORE</subfield>
  </datafield>
  <datafield tag="953" ind1=" " ind2=" ">
    <subfield code="a">0</subfield>
  </datafield>
  <datafield tag="999" ind1=" " ind2=" ">
    <subfield code="c">12888</subfield>
    <subfield code="d">12888</subfield>
  </datafield>
  <datafield tag="952" ind1=" " ind2=" ">
    <subfield code="0">0</subfield>
    <subfield code="1">0</subfield>
    <subfield code="2">udc</subfield>
    <subfield code="4">0</subfield>
    <subfield code="7">0</subfield>
    <subfield code="a">UArtLib2</subfield>
    <subfield code="b">UArtLib2</subfield>
    <subfield code="d">2017-05-02</subfield>
    <subfield code="g">200.00</subfield>
    <subfield code="o">787.3/Bok.</subfield>
    <subfield code="p">63264</subfield>
    <subfield code="r">2017-05-02</subfield>
    <subfield code="w">2017-05-02</subfield>
    <subfield code="y">SCORE</subfield>
  </datafield>
</record>
